Diseases of the liver; T1

Gespeichert in:
Bibliographische Detailangaben
Format: Buch
Sprache:Undetermined
Veröffentlicht: Philadelphia J. B. Lippincott 1993
Schlagworte:
Tags: Tag hinzufügen
Keine Tags, Fügen Sie den ersten Tag hinzu!
Thư viện lưu trữ: Trung tâm Học liệu Trường Đại học Cần Thơ
LEADER 00444nam a2200169Ia 4500
001 CTU_14886
008 210402s9999 xx 000 0 und d
020 |b 250.72df 
082 |a 616.362 
082 |b D611/T1 
245 0 |a Diseases of the liver; T1 
260 |a Philadelphia 
260 |b J. B. Lippincott 
260 |c 1993 
650 |a liver - diseases 
904 |i Minh, 970107 
980 |a Trung tâm Học liệu Trường Đại học Cần Thơ